000 01306cad a22002175a 4500
001 E150361
008 100705s20100702xxk f s000 0 eng d
020 _a9781406166415
035 _a(Sirsi) u150361
041 0 _aeng
110 2 _aScotland
_bScottish Parliament
_bTransport, Infrastructure and Climate Change Committee
_95865
245 0 0 _aTransport, Infrastructure and Climate Change Committee, 7th report, 2010 (Session 3)
_binquiry into the relationship between transport and land use planning policies
_h[electronic resource]
260 _aEdinburgh
_bScottish Parliamentary Corporate Body
_c2010
520 _aPresents the results of an inquiry into transport and land use planning,which was undertaken to assess how effectively these two planning policy areas work together. The inquiry also examined whether increased integration in these areas could increase sustainable economic growth and limit climate change in Scotland.
590 _aKA
651 4 _aScotland
_y1999-
690 _aPROPERTY-INFRASTRUCTURE-TRANSPORT INFRASTRUCTURE
690 _aENVIRONMENTAL AND LAND CONSULTANCY-PLANNING AND DEVELOPMENT
856 4 0 _uhttps://www.scottish.parliament.uk/s3/committees/ticc/documents/7threport.pdf
_zView the report (PDF file) free of charge at www.scottish.parliament.uk
942 _n0
999 _c110844
_d110844